World literature for the wretched of the earth / J. Daniel Elam. (Record no. 22360)

000 -LEADER
fixed length control field 00477nam a2200157 4500
020 ## - INTERNATIONAL STANDARD BOOK NUMBER
ISBN 9780823289790
082 ## - DEWEY DECIMAL CLASSIFICATION NUMBER
Classification number 809.8929
Item number El37 2021
100 ## - MAIN ENTRY--AUTHOR NAME
Personal name Elam, J. Daniel, author.
245 ## - TITLE STATEMENT
Title World literature for the wretched of the earth / J. Daniel Elam.
250 ## - EDITION STATEMENT
Edition statement 1st edition.
260 ## - PUBLICATION, DISTRIBUTION, ETC. (IMPRINT)
Place of publication New York, NY :
Name of publisher Fordham University Press,
Year of publication c2021.
300 ## - PHYSICAL DESCRIPTION
Number of Pages xiv, 192 pages.
500 ## - GENERAL NOTE
General note Includes bibliography and index.
650 ## - SUBJECT ADDED ENTRY--TOPICAL TERM
Topical Term World literature.
942 ## - ADDED ENTRY ELEMENTS (KOHA)
Koha item type Electronic Books
Holdings
Source of acquisition Permanent Location Date acquired Collection code Koha item type Lost status Shelving location Withdrawn status Current Location Full call number
DonationCagayan State University - Carig Library2026-04-15E-BooksElectronic Books E-Resource Section Cagayan State University - Carig Library809.8929 El37 2021

Cagayan State University University Library, Carig Campus
Tuguegarao City, Cagayan 3500 | www.csucarig.edu.ph

Powered by Koha